| 000 | 00776nam a2200205 i 4500 | ||
|---|---|---|---|
| 001 | bg | ||
| 245 | 0 | 0 |
_aInternational direct investment statistics yearbook 1995 = _bAnnuaire des statisques d'invetissement direct international / _cOrganisation for Economic Co-operation and Development. |
| 260 |
_aParis : _bOECD, _c1995= _bOCDE. |
||
| 300 |
_a319 s. : _bwykr. ; _c28 cm. |
||
| 500 | _aTekst równol. w jęz. ang. i franc. | ||
| 610 | 2 | 9 | _aOrganizacja Współpracy Gospodarczej i Rozwoju |
| 650 | 9 |
_aInwestycje _xfinanse _xstatystyka _xkraje gospodarczo rozwinięte |
|
| 020 | _a926404499X | ||
| 040 | _cBPK | ||
| 041 | 0 | _afr | |
| 080 | _a338.22:330.22:339.7](083.41)(100.3-67OECD) | ||
| 920 | _a92-64-04499-X | ||
| 942 | _cKS | ||
| 008 | s pl f |000 0 pol | ||
| 999 |
_c31440 _d31440 |
||